000
00292nam a2200097Ia 4500
008
201231s9999 xx 000 0 und d
100
_a
Kehoe, Kevin R.
245
0
_a
Expanding leadership impact: A practical guide to managing people and processes
260
_a
New Delhi
_b
Wheeler pub
942
_c
BK
999
_c
9741
_d
9741